| 000 | 00521nam a2200181Ia 4500 | ||
|---|---|---|---|
| 999 |
_c14209 _d14209 |
||
| 003 | OSt | ||
| 005 | 20201102095039.0 | ||
| 008 | 190216s9999||||xx |||||||||||||| ||und|| | ||
| 020 | _a8126901500 | ||
| 040 | _coclc | ||
| 082 |
_a809 _bRAY/S |
||
| 100 |
_aRay, Mohit K _96181 |
||
| 245 | 0 |
_aStudies In Comparative Literature / _cMohit K Ray |
|
| 260 |
_bAtlantic Publications & Distributors, _c2002. _aNew Delhi: |
||
| 300 | _a199p | ||
| 650 | _aEnglish | ||
| 942 |
_cBK _2ddc _h809 _iRAY/S _k809 _mRAY/S |
||